| 000 | 00381nam a2200157Ia 4500 | ||
|---|---|---|---|
| 008 | 151213s9999 xx 000 0 und d | ||
| 100 | _aH. Assael | ||
| 245 |
_aConsumer Behavior & Marketing Action _cH. Assael |
||
| 250 | _a4th | ||
| 260 |
_aBoston _bPws - kent _c1992 |
||
| 300 | _a2725 p. | ||
| 650 | _aMarketing | ||
| 650 | _aMarketing | ||
| 700 | _aH. Assael | ||
| 999 |
_c1836 _d1836 |
||